Les Meilleurs buteurs de la Liga 2017-2018 - Statistiques

Statistiques générales
  • Ce quiz a été pris 71 fois
  • Le résultat moyen est 6 sur 10
Statistiques - réponses
Buts Nationalité Club Joueur % Correct
26 Portugal Real Madrid Cristiano Ronaldo
100%
34 Agrnetine FC Barcelone Lionel Messi
100%
20 France Atlético de Madrid Antoine Griezmann
99%
25 Uruguay FC Barcelone Luis Suárez
99%
16 Pays de Galles Real Madrid Gareth Bale
94%
22 Espagne Celta Vigo Iago Aspas
85%
21 Uruguay Girona FC Christian Stuani
30%
16 Espagne RCD Espanyol Gerard Moreno
13%
17 Uruguay Celta Vigo Maxi Gómez
9%
16 Espagne Valence CF Rodrigo
4%
Aucun quiz correspondant
Distribution des résultats
% des personnes avec chaque résultat
Percentile par nombre de réponses
Votre historique - résultats
Vous n’avez pas pris ce quiz